00701nam a2200241Ia 4500003000900000008004100009040001300050040001300063041000800076100001600084245005900100250001100159260001200170260000900182300001100191300001200202490001800214490000700232700001400239942000700253999001700260952018200277IT-RoPAU120407s9999 xx 000 0 und d aIT-RoPAU cIT-RoPAU afra aP. de Surgy aLa résurrection du Christ et l’exégèse moderne aParis  aDu Cerf c1969 a191 p. c21,5 cm aLectio divina v50 aP. Grelot cBK c27908d27908 00102ddc406222_35000000000000071aPAULUSbPAULUSd2012-04-11l0o222.350r2012-04-11 00:00:00w2012-04-11yBKzInserito da: In data: n.d. fondo: Via A.Severo 56 Progr:21259